Rubber test methods: 1961 meeting of ISO/TC 45 (Record no. 68031)

MARC details
000 -LEADER
fixed length control field 00314nam a2200121Ia 4500
100 ## - MAIN ENTRY--AUTHOR NAME
Personal name Scott J R
245 #0 - TITLE STATEMENT
Title Rubber test methods: 1961 meeting of ISO/TC 45
260 ## - PUBLICATION, DISTRIBUTION, ETC. (IMPRINT)
Name of publisher Proceedings of the IRI
Year of publication 1961
300 ## - PHYSICAL DESCRIPTION
Number of Pages 188-194
650 ## - SUBJECT ADDED ENTRY--TOPICAL TERM
Topical Term Test methods
942 ## - ADDED ENTRY ELEMENTS (KOHA)
Koha item type Journals
Holdings
Withdrawn status Lost status Damaged status Not for loan Home library Current library Shelving location Date acquired Serial Enumeration / chronology Koha item type
      Journals RRII Library RRII Library Rubber chemistry 17/12/2021 Volume 8, Issue 6 Journals